[Event "Mitropa Cup"]
[Site "Corte"]
[Date "2022.05.08"]
[Round "9.4"]
[White "Loiseau, Quentin"]
[Black "Bouslimi, Nabil"]
[Result "0-1"]
[WhiteElo "2462"]
[BlackElo "2075"]
[PlyCount "146"]
[EventDate "2022.04.30"]
[EventType "team-tourn"]
[EventRounds "9"]
[EventCountry "FRA"]
[SourceTitle "CBM 208 Extra"]
[Source "ChessBase"]
[SourceDate "2022.07.31"]
[SourceVersion "1"]
[SourceVersionDate "2022.07.31"]
[SourceQuality "1"]
[WhiteTeam "France"]
[BlackTeam "Corsica"]
[WhiteTeamCountry "FRA"]
[BlackTeamCountry "FRA"]

1. d4 Nf6 2. c4 c5 3. d5 e6 4. Nf3 exd5 5. cxd5 d6 6. e4 g6 7. h3 Bg7 8. Bd3 0-0 9. 0-0 b5 10. a4 c4 11. Be2 b4 12. Bxc4 Nxe4 13. Qe1 Re8 14. Qxb4 a5 15. Qb3 Na6 16. Bb5 Bd7 17. Na3 Nec5 18. Qd1 Re4 19. Bg5 Qc8 20. Re1 Bxb2 21. Ra2 Bg7 22. Rae2 Rxe2 23. Rxe2 Nb4 24. Bf4 Bf8 25. Bg3 Qb7 26. Bxd7 Nxd7 27. Nb5 Qxd5 28. Rd2 Qc6 29. Nxd6 Nb6 30. Nxf7 Qxa4 31. Qe2 Qe8 32. N3e5 a4 33. Qg4 Qc8 34. Qf4 Qf5 35. Qh4 N6d5 36. Qc4 Rc8 37. Qb5 Nc3 38. Qb7 Ne4 39. Rd7 Rc1+ 40. Kh2 Nxg3 41. Kxg3 g5 42. Rd4 Nc6 43. Nxc6 Qxf7 44. Qxf7+ Kxf7 45. Ne5+ Ke6 46. Nf3 a3 47. Nxg5+ Kf5 48. Rd5+ Kg6 49. Ne6 Bb4 50. Nf4+ Kf6 51. Nh5+ Ke7 52. Re5+ Kd6 53. Re2 Rc3+ 54. f3 Rb3 55. Ra2 Rb2 56. Ra1 Ke5 57. f4+ Ke4 58. Nf6+ Kd4 59. Nxh7 a2 60. f5 Be1+ 61. Kh2 Bc3 62. f6 Kd5 63. f7 Be5+ 64. Kg1 Rb1+ 65. Kf2 Bxa1 66. f8Q Bd4+ 67. Ke2 a1Q 68. Qf7+ Kc6 69. Qe6+ Kb7 70. Qd5+ Ka7 71. Ng5 Re1+ 72. Kf3 Qd1+ 73. Kf4 Be3+ 0-1

[Event "Mitropa Cup"]
[Site "Corte"]
[Date "2022.05.01"]
[Round "2.4"]
[White "Loiseau, Quentin"]
[Black "Deuer, Marius"]
[Result "1-0"]
[WhiteElo "2462"]
[BlackElo "2356"]
[PlyCount "116"]
[EventDate "2022.04.30"]
[EventType "team-tourn"]
[EventRounds "9"]
[EventCountry "FRA"]
[SourceTitle "CBM 208 Extra"]
[Source "ChessBase"]
[SourceDate "2022.07.31"]
[SourceVersion "1"]
[SourceVersionDate "2022.07.31"]
[SourceQuality "1"]
[WhiteTeam "France"]
[BlackTeam "Germany"]
[WhiteTeamCountry "FRA"]
[BlackTeamCountry "GER"]

1. e4 c6 2. d4 d5 3. e5 Bf5 4. Nf3 e6 5. Be2 c5 6. Be3 Qb6 7. Nc3 Nc6 8. 0-0 Qxb2 9. Qe1 cxd4 10. Bxd4 Nxd4 11. Nxd4 Bb4 12. Ndb5 Ba5 13. Rb1 Qxc2 14. Rc1 Qb2 15. Na4 Bxe1 16. Nxb2 Ba5 17. Nd6+ Ke7 18. Nxb7 Bd8 19. Nxd8 Kxd8 20. Rfd1 Nh6 21. Nc4 Ke7 22. Nd6 Rhd8 23. Bb5 Kf8 24. Rc7 a6 25. Be2 g5 26. g4 Bxg4 27. Bxg4 Nxg4 28. Nxf7 Rdc8 29. Rd7 Re8 30. Nxg5 Re7 31. Nxh7+ Ke8 32. Rxe7+ Kxe7 33. f4 Rg8 34. Ng5 Nxe5 35. Kf2 Ng6 36. Kg3 Kf6 37. h4 Kf5 38. Rf1 d4 39. h5 Nf8 40. Re1 Nd7 41. Kf3 Rc8 42. Ne4 Rg8 43. Rc1 e5 44. Rc7 Rd8 45. Rc6 Rg8 46. Rd6 Rg4 47. Ng3+ Rxg3+ 48. Kxg3 Nf6 49. Rxf6+ Kxf6 50. fxe5+ Kxe5 51. h6 Kf6 52. Kf4 Kg6 53. Ke4 Kxh6 54. Kxd4 Kg6 55. Kc5 Kf6 56. Kb6 Ke6 57. Kxa6 Kd6 58. Kb6 Kd5 1-0

[Event "Mitropa Cup"]
[Site "Corte"]
[Date "2022.04.30"]
[Round "1.4"]
[White "Csiki, Endre"]
[Black "Loiseau, Quentin"]
[Result "1/2-1/2"]
[WhiteElo "2399"]
[BlackElo "2462"]
[PlyCount "57"]
[EventDate "2022.04.30"]
[EventType "team-tourn"]
[EventRounds "9"]
[EventCountry "FRA"]
[SourceTitle "CBM 208 Extra"]
[Source "ChessBase"]
[SourceDate "2022.07.31"]
[SourceVersion "1"]
[SourceVersionDate "2022.07.31"]
[SourceQuality "1"]
[WhiteTeam "Hungary"]
[BlackTeam "France"]
[WhiteTeamCountry "HUN"]
[BlackTeamCountry "FRA"]

1. e4 c5 2. c3 Nf6 3. e5 Nd5 4. Nf3 Nc6 5. d4 cxd4 6. cxd4 d6 7. Bc4 dxe5 8. Nxe5 e6 9. 0-0 Be7 10. Qh5 0-0 11. Rd1 Nf6 12. Nxc6 Nxh5 13. Nxd8 Rxd8 14. Nc3 Nf6 15. Bf4 Bd7 16. d5 Rac8 17. Bb3 exd5 18. Bxd5 Nxd5 19. Nxd5 Kf8 20. Nxe7 Kxe7 21. Bd6+ Kf6 22. Bb4 Be6 23. Bc3+ Kg6 24. a3 Rxd1+ 25. Rxd1 f6 26. f3 Rc7 27. Kf2 Rd7 28. Rxd7 Bxd7 29. Ke3 1/2-1/2